01006nam a2200229 i 4500001000700000003000900007005001700016008004100033080001000074100003000084245021700114246001500331260004200346300002200388490003100410650003300441700004400474830003900518852007700557999001900634952012300653172085ES-MaACL20250519193012.0090612s1978 fr |||| | fre d a782.61 aFerretti, Jacopo.914067113aLa Cenerentola : melodramma giocoso in due atti b= Cendrillon : opéra-bouffe en deux actes / cmusique de Gioacchino Rossini (1792-1868) ; libretto di Jacopo Ferretti ; traduction française de Gilles de Van.11aCendrillon aParis : bGérard Billaudot, c1978. a123 p. ; c18 cm.1 aOpéra de Paris. Bilingue 4aOperetas-vLibretos.91393521 aRossini, Gioachino, d1792-186892405420 aOpéra de Paris. Bilingue91890434 aES-MaACLjE-12711 9R.190295 z. - Biblioteca Jacinto Martínez Lacalle c172085d172085 00104070aATENEOMbATENEOMcDEPO2d2009-06-12eDONl0oE-12711p1180591r2023-02-23 00:00:00w2023-02-23yMONOGRAFIA